Soccer terms - Statistics

General Stats
  • This quiz has been taken 2,452 times
  • The average score is 7 of 13
Answer Stats
Hint Answer % Correct
Germany's highest league Bundesliga
84%
The top bar of the goal frame Crossbar
80%
The umpire of the game is called the ........ Referee
75%
The term for when a team is dropped into a lower league Relegation
58%
A ball passed by one player into space for another player to run onto is known as a ....... ...... Through ball
57%
A yellow card or red card given for a foul is known as a ....... Booking
55%
The main feature of a soccer boot Studs
50%
The amount of players a team chooses to have in defence, midfield and offence Formation
47%
The marking on the field 12 yards infront of goal Penalty Spot
44%
The name given to the world cup held every 4 years Fifa
42%
A side-footed shot generally creating a curl on the balls path Finesse shot
33%
The small amount of time added to the end of each half is known as .......... Time Stoppage time
30%
Also known as a Maradona Spin Roulette
29%
No matching quizzes found
Score Distribution
Percent of People with Each Score
Percentile by Number Answered
Your Score History
You have not taken this quiz